Cloud computing : (Record no. 19892)
[ view plain ]
| 000 -LEADER | |
|---|---|
| fixed length control field | 00907cam a22002655a 4500 |
| 001 - CONTROL NUMBER | |
| control field | 17127330 |
| 005 - DATE AND TIME OF LATEST TRANSACTION | |
| control field | 20201128021337.0 |
| 008 - FIXED-LENGTH DATA ELEMENTS--GENERAL INFORMATION | |
| fixed length control field | 120119t2013 maua frd 001 0 eng d |
| 020 ## - INTERNATIONAL STANDARD BOOK NUMBER | |
| International Standard Book Number | 9781449647391 |
| 040 ## - CATALOGING SOURCE | |
| Original cataloging agency | DLC |
| Transcribing agency | DLC |
| Modifying agency | DLC |
| -- | EG-ScBUE |
| Language of cataloging | eng |
| 082 04 - DEWEY DECIMAL CLASSIFICATION NUMBER | |
| Classification number | 004.6782 |
| Item number | JAM |
| Edition number | 22 |
| 100 1# - MAIN ENTRY--PERSONAL NAME | |
| Personal name | Jamsa, Kris, |
| Dates associated with a name | 1960- |
| 9 (RLIN) | 38290 |
| 245 10 - TITLE STATEMENT | |
| Title | Cloud computing : |
| Remainder of title | SaaS, PaaS, IaaS, virtualization, business models, mobile, security and more / |
| Statement of responsibility, etc | Kris Jamsa. |
| 250 ## - EDITION STATEMENT | |
| Edition statement | 1st ed. |
| 260 ## - PUBLICATION, DISTRIBUTION, ETC. (IMPRINT) | |
| Place of publication, distribution, etc | Burlington : |
| Name of publisher, distributor, etc | Jones & Bartlett Learning, |
| Date of publication, distribution, etc | c.2013. |
| 300 ## - PHYSICAL DESCRIPTION | |
| Extent | xix, 322 p. : |
| Other physical details | ill. ; |
| Dimensions | 23 cm. |
| 500 ## - GENERAL NOTE | |
| General note | Index : p. 311-322. |
| 500 ## - GENERAL NOTE | |
| General note | Glossary : p. 305-310. |
| 650 #7 - SUBJECT ADDED ENTRY--TOPICAL TERM | |
| Topical term or geographic name as entry element | Cloud computing. |
| Source of heading or term | BUEsh |
| 9 (RLIN) | 37309 |
| 650 #7 - SUBJECT ADDED ENTRY--TOPICAL TERM | |
| Topical term or geographic name as entry element | Mobile computing. |
| Source of heading or term | BUEsh |
| 9 (RLIN) | 835 |
| 650 #7 - SUBJECT ADDED ENTRY--TOPICAL TERM | |
| Topical term or geographic name as entry element | Application software. |
| Source of heading or term | BUEsh |
| 9 (RLIN) | 18314 |
| 651 ## - SUBJECT ADDED ENTRY--GEOGRAPHIC NAME | |
| Source of heading or term | BUEsh |
| 653 ## - INDEX TERM--UNCONTROLLED | |
| Resource For college | Informatics and Computer Science |
| Arrived date list | June2015 |
| -- | August2015 |
| -- | February2016 |
| 942 ## - ADDED ENTRY ELEMENTS (KOHA) | |
| Source of classification or shelving scheme | Dewey Decimal Classification |
| Call number prefix | 006.78 JAM |
| Withdrawn status | Lost status | Source of classification or shelving scheme | Damaged status | Not for loan | Koha collection | Home library | Current library | Shelving location | Date acquired | Source of acquisition | Cost, normal purchase price | Serial Enumeration / chronology | Total Checkouts | Full call number | Barcode | Date last seen | Cost, replacement price | Koha item type | Total Renewals | Date last borrowed |
|---|---|---|---|---|---|---|---|---|---|---|---|---|---|---|---|---|---|---|---|---|
| Dewey Decimal Classification | Alahram | Central Library | Central Library | Lower Floor | 24/06/2015 | 425.00 | 312 | 004.6782 JAM | 000038857 | 15/07/2025 | 531.25 | Book - Borrowing | ||||||||
| Dewey Decimal Classification | Baccah | Central Library | Central Library | Lower Floor | 06/07/2015 | Purchase | 400.00 | 22353 | 15 | 004.6782 JAM | 000039301 | 15/07/2025 | 500.00 | Book - Borrowing | 10 | 30/09/2024 |